Personal Financial Planning (Record no. 4405)

MARC details
000 -LEADER
fixed length control field 00333nam a22001337a 4500
008 - FIXED-LENGTH DATA ELEMENTS--GENERAL INFORMATION
fixed length control field 250801b |||||||| |||| 00| 0 eng d
020 ## - INTERNATIONAL STANDARD BOOK NUMBER
ISBN 0070256500
100 ## - MAIN ENTRY--AUTHOR
Author HALLMAN Victor G.
245 ## - TITLE STATEMENT
Title Personal Financial Planning
260 ## - PUBLICATION, DISTRIBUTION, ETC. (IMPRINT)
Place of publication Nil
Name of publisher R.R Donnallay & Sons
Date of publication 1987
300 ## - COLLATION
Pagination xix, 475p.
942 ## - ADDED ENTRY ELEMENTS (KOHA)
Item type Books
050 ## - LIBRARY OF CONGRESS CALL NUMBER
Classification number HG179
Item number .H25
Holdings
Source of classification or shelving scheme Not for loan Permanent location Current location Date acquired Accession No. Full call number Barcode. Koha item type
Library of Congress Classification   Samuel Ogbemudia Main Library, University of Abuja Samuel Ogbemudia Main Library, University of Abuja 08/01/2025 93/013506 HG179.H25 2025-3184 Books